000 00534nam a2200157 i 4500
001 77133
003 ES-MaACL
005 20230906173107.0
007 t|
008 041007s1910 sp ||||1| spa d
100 1 _aGutiérrez del Caño, Marcelino.
_961134
245 1 3 _aEl príncipe de los genealogistas españoles
_b: Don Luis de Salazar y Castro /
_cestudio de Marcelino Gutierrez del Caño.
260 _aMadrid :
_b[s.n.,
_c1910] (
_fImp. Rev. de Archivos)
300 _a37 p. ;
_c24 cm.
852 _aES-MaACL
_j1833-F-20
_bR.19696
999 _c77133
_d77133